00473nam a2200181Ia 4500003000400000008004100004040001600045082001300061100001800074245004800092700001800140700002100158260004800179300001000227650001400237650002000251650002000271GCL140319s9999 xx 000 0 eng d aGCL / cGCL04a910bG I1 aGETIS, ARTHUR10aINTRODUCTION TO GEOGRAPHY / cGETIS, ARTHUR1 aGETIS, JUDITH1 aFELLMANN, JEROME a[S.N] : bWM. C. BROWN PUBLISHERS ، c1994 a497 P04aGEOGRAPHY04aHUMAN GEOGRAPHY04aLOCAL GEOGRAPHY